The Clickable Dickens Quiz Stats

Quiz Updated Jun 13, 2015

Challenge
Share
Tweet
Embed
Score 0/20 Timer 04:00
2 Plays Today
% Correct
A Christmas Carol
97.6%
Oliver Twist
97.5%
David Copperfield
96.2%
Great Expectations
96%
A Tale of Two Cities
95.7%
Nicholas Nickleby
92.9%
The Pickwick Papers
91.7%
The Old Curiosity Shop
86%
Bleak House
84.1%
Little Dorrit
82.1%
% Correct
The Mystery of Edwin Drood
80.1%
Hard Times
79.4%
Martin Chuzzlewit
78.8%
Barnaby Rudge
76%
Dombey and Son
70.1%
Our Mutual Friend
66.3%
The Chimes
38.9%
The Haunted Man
35%
No Thoroughfare
28.5%
The Battle of Life
25.6%

You're not logged in!

Compare scores with friends on all Sporcle quizzes.
Join for Free
OR
Log In

You Might Also Like...

Show Comments

Extras

Top Quizzes Today


Score Distribution

Your Account Isn't Verified!

In order to create a playlist on Sporcle, you need to verify the email address you used during registration. Go to your Sporcle Settings to finish the process.

Report this User

Report this user for behavior that violates our Community Guidelines.

Details: